[Event "Rivera Hernandez Memorial"]
[Site "Rivera Huila"]
[Date "2023.07.23"]
[Round "10"]
[White "Pazos Gambarrotti, Plinio Efrain"]
[Black "Ardila, Oscar Humberto"]
[Result "1-0"]
[WhiteElo "2024"]
[BlackElo "1958"]
[PlyCount "131"]
[EventDate "2023.07.19"]
[EventType "swiss"]
[EventRounds "10"]
[EventCountry "COL"]
[SourceTitle "CBM 215 Extra"]
[Source "ChessBase"]
[SourceDate "2023.09.30"]
[SourceVersion "1"]
[SourceVersionDate "2023.09.30"]
[SourceQuality "1"]

1. d4 Nf6 2. c4 e6 3. Nc3 Bb4 4. Qc2 0-0 5. e4 d5 6. e5 Ne4 7. Bd3 f5 8. exf6 Qxf6 9. Nf3 Nc6 10. 0-0 Nxd4 11. Nxd4 Qxd4 12. Nxe4 dxe4 13. Bxe4 h6 14. Be3 Qe5 15. Rad1 Bd6 16. g3 Qf6 17. c5 Be5 18. Rd2 c6 19. Rfd1 Bc7 20. Qc4 Kh8 21. Bb1 Qf7 22. Qe4 Qf5 23. Qh4 Qf6 24. Qxf6 gxf6 25. Bxh6 Re8 26. Rd4 f5 27. Bg5 Kg7 28. f4 Kg6 29. Bd8 Bb8 30. Ba5 b6 31. cxb6 axb6 32. Bxb6 Ra6 33. Bc5 Bc7 34. Kf1 Ra5 35. Bd6 Bb6 36. Rb4 Ba7 37. Be5 Bc5 38. Rb3 Ba6+ 39. Kg2 Bc4 40. Rb7 Bd5+ 41. Rxd5 cxd5 42. b4 Ra7 43. Rb5 Be3 44. g4 d4 45. h4 Kf7 46. gxf5 exf5 47. Bxf5 Rxa2+ 48. Kf3 Rf2+ 49. Kg4 Rg8+ 50. Kh5 Rxf4 51. Rb7+ Ke8 52. Rb8+ Kf7 53. Bxf4 Bxf4 54. Be6+ Kxe6 55. Rxg8 d3 56. Rg1 Kf5 57. Rd1 Ke4 58. Kg6 Ke3 59. h5 Ke2 60. Rb1 d2 61. h6 d1Q 62. Rxd1 Kxd1 63. b5 Kc2 64. h7 Be5 65. b6 Kd3 66. b7 1-0

[Event "Rivera Hernandez Memorial"]
[Site "Rivera Huila"]
[Date "2023.07.20"]
[Round "3"]
[White "Gonzalez, Guillermo"]
[Black "Pazos Gambarrotti, Plinio Efrain"]
[Result "1-0"]
[WhiteElo "1787"]
[BlackElo "2024"]
[PlyCount "108"]
[EventDate "2023.07.19"]
[EventType "swiss"]
[EventRounds "10"]
[EventCountry "COL"]
[SourceTitle "CBM 215 Extra"]
[Source "ChessBase"]
[SourceDate "2023.09.30"]
[SourceVersion "1"]
[SourceVersionDate "2023.09.30"]
[SourceQuality "1"]

1. e4 e5 2. Nf3 Nc6 3. Bb5 f5 4. d3 fxe4 5. dxe4 Nf6 6. Qe2 d6 7. c3 Be7 8. Nbd2 0-0 9. Bxc6 bxc6 10. Qc4+ Kh8 11. Qxc6 Rb8 12. 0-0 Rb6 13. Qa4 Ba6 14. Re1 Nd7 15. Qc2 Nc5 16. c4 Ne6 17. b3 Bg5 18. Nxg5 Qxg5 19. Nf1 Qg6 20. Ng3 Rbb8 21. Be3 c5 22. Rad1 Bb7 23. f3 Nd4 24. Bxd4 cxd4 25. Qd2 h5 26. Nf5 Rf7 27. Qb4 Rd8 28. Kf2 Bc8 29. c5 dxc5 30. Qxc5 Qf6 31. Kg1 Re8 32. Nd6 Rff8 33. Nxe8 Rxe8 34. Qxa7 h4 35. Qa5 h3 36. Qd2 Rf8 37. g3 Ba6 38. f4 Qb6 39. f5 Kg8 40. g4 Bb7 41. Kf2 Rd8 42. Kg3 d3 43. Qe3 Qa5 44. Kxh3 Rd4 45. Qd2 Qa6 46. Kg3 Qa8 47. Qg5 Bxe4 48. f6 Rd7 49. Qxe5 Bg6 50. Qe6+ Rf7 51. Qe8+ Qxe8 52. Rxe8+ Kh7 53. fxg7 Kxg7 54. Rd8 Rc7 1-0

[Event "Manizales op 28th"]
[Site "Manizales"]
[Date "2023.01.08"]
[Round "6"]
[White "Pazos Gambarrotti, Plinio Efrain"]
[Black "Buitrago, Juan Carlos"]
[Result "1-0"]
[WhiteElo "2030"]
[BlackElo "1913"]
[PlyCount "79"]
[EventDate "2023.01.05"]
[EventType "swiss"]
[EventRounds "8"]
[EventCountry "COL"]
[SourceTitle "CBM 212 Extra"]
[Source "ChessBase"]
[SourceDate "2023.03.31"]
[SourceVersion "1"]
[SourceVersionDate "2023.03.31"]
[SourceQuality "1"]

1. d4 d5 2. c4 e6 3. Nc3 Nf6 4. Bg5 Be7 5. e3 0-0 6. Nf3 Nbd7 7. Qc2 c5 8. cxd5 exd5 9. Be2 Re8 10. 0-0 Nf8 11. dxc5 Be6 12. Rfd1 Rc8 13. b4 a5 14. a3 Ng6 15. Rac1 h6 16. Bxf6 Bxf6 17. Nb5 Re7 18. Nbd4 axb4 19. axb4 h5 20. Nxe6 Rxe6 21. Bd3 Ne5 22. Be4 Nxf3+ 23. Bxf3 Re5 24. Qb3 Qe7 25. Rxd5 Ra8 26. Rxe5 Bxe5 27. Qd5 Ra4 28. b5 g6 29. g3 h4 30. Qxb7 Qg5 31. Qd5 hxg3 32. hxg3 Ra3 33. Rd1 Rc3 34. Qd8+ Qxd8 35. Rxd8+ Kg7 36. Rd5 Kf6 37. b6 Rb3 38. Kg2 Ke6 39. c6 Bd6 40. c7 1-0

[Event "Jamundi Fortalece Sede op"]
[Site "Jamundi"]
[Date "2022.12.09"]
[Round "8"]
[White "Larino Nieto, David"]
[Black "Pazos Gambarrotti, Plinio Efrain"]
[Result "1-0"]
[WhiteElo "2466"]
[BlackElo "2083"]
[PlyCount "55"]
[EventDate "2022.12.05"]
[EventType "swiss"]
[EventRounds "10"]
[EventCountry "COL"]
[SourceTitle "CBM 211 Extra"]
[Source "ChessBase"]
[SourceDate "2023.01.31"]
[SourceVersion "1"]
[SourceVersionDate "2023.01.31"]
[SourceQuality "1"]

1. Nf3 Nf6 2. d4 e6 3. Bf4 d5 4. e3 Bd6 5. Bd3 c5 6. Bxd6 Qxd6 7. dxc5 Qxc5 8. 0-0 Nc6 9. Nbd2 Nb4 10. Be2 0-0 11. a3 Nc6 12. b4 Qd6 13. h3 Bd7 14. c4 dxc4 15. Nxc4 Qxd1 16. Rfxd1 Rfe8 17. Nd6 Rab8 18. b5 Ne7 19. Ne5 Ng6 20. Nexf7 Rf8 21. Ng5 h6 22. Nf3 Nd5 23. Bc4 Nge7 24. Ne5 Be8 25. g3 Rf6 26. e4 Nc3 27. Rdc1 Na4 28. Bb3 1-0

[Event "Medellin Raza Cup"]
[Site "Medellin"]
[Date "2022.10.19"]
[Round "1"]
[White "Valencia Quinchia, Isabella"]
[Black "Pazos Gambarrotti, Plinio Efrain"]
[Result "0-1"]
[WhiteElo "1473"]
[BlackElo "2088"]
[PlyCount "82"]
[EventDate "2022.10.19"]
[EventType "swiss"]
[EventRounds "10"]
[EventCountry "COL"]
[SourceTitle "EXT 2024"]
[Source "ChessBase"]
[SourceDate "2023.10.10"]
[SourceVersion "1"]
[SourceVersionDate "2023.10.10"]
[SourceQuality "1"]

1. e4 e5 2. Nf3 Nc6 3. d4 exd4 4. Nxd4 Nf6 5. Nxc6 bxc6 6. e5 Qe7 7. Qe2 Nd5 8. c4 Ba6 9. b3 g6 10. Bb2 Bg7 11. Nd2 0-0 12. 0-0-0 Nf4 13. Qe3 Ne6 14. Ne4 Rfd8 15. h4 h5 16. Nf6+ Bxf6 17. exf6 Qc5 18. Bd4 Qf5 19. g3 Nxd4 20. Qxd4 c5 21. Qb2 d5 22. Bh3 Qf3 23. cxd5 Rd6 24. Rhe1 Rad8 25. Re3 Qxf6 26. Qxf6 Rxf6 27. Re7 Bc8 28. Bxc8 Rxc8 29. f4 Rd6 30. f5 Kf8 31. Re5 Re8 32. Rxe8+ Kxe8 33. fxg6 Rxg6 34. Rd3 Ke7 35. Kc2 f5 36. Rf3 Kf6 37. Re3 Rg5 38. Re6+ Kf7 39. Re3 Kf6 40. Re6+ Kg7 41. Re3 f4 0-1